000 00730nam a2200241Ia 4500
003 GCL
008 140319s9999 xx 000 0 ara d
040 _aGCL /
_cGCL
082 0 4 _a962.4
_bع ح
100 1 _aعلى حسن عبدالله
245 1 0 _aالحكم والادارة فى السودان /
_cعلى حسن عبدالله
260 _a[S.N] :
_bدار المستقبل العربى ،
_c1986
300 _a240 ص
490 _a
650 0 4 _aالعصر الحديث
650 0 4 _aتاريخ
650 0 4 _aالسودان
650 0 4 _aالادارة
650 0 4 _aالثورة المهدية
650 0 4 _aالعصر الحجرى
650 0 4 _aمملكة النوبة المسيحية
942 _2ddc
_cBK
999 _c55041
_d55041